书目信息 |
| 题名: |
薛定宇教授大讲堂
|
|
| 作者: | 薛定宇 著 | |
| 分册: | ||
| 出版信息: | 北京 清华大学出版社 2018. |
|
| 页数: | ||
| 开本: | 19cm | |
| 丛书名: | ||
| 单 册: | ||
| 中图分类: | O172-39 | |
| 科图分类: | ||
| 主题词: | Matlab软件--应用--微积分--高等学校--教学参考资料 | |
| 电子资源: | ||
| ISBN: | 978-7-302-51869-3 | |
| 000 | 00760nam0 2200217 450 | |
| 001 | 2036973298 | |
| 005 | 20201105101624.26 | |
| 010 | @a978-7-302-51869-3@dCNY69.00 | |
| 100 | @a20200529d2018 em y0chiy0110 ea | |
| 101 | 0 | @achi |
| 102 | @aCN@b110000 | |
| 105 | @af z 000zy | |
| 200 | 1 | @a薛定宇教授大讲堂@9Xue Ding Yu Jiao Shou Da Jiang Tang@f薛定宇著 |
| 210 | @a北京@c清华大学出版社@d2018. | |
| 215 | @d19cm | |
| 330 | @a本书系统论述了MATLAB程序设计基础及应用、MATLAB微积分运算,配有源代码工程文件,可以供高年级本科生、研究生及相关工程技术人员学习参考! | |
| 606 | 0 | @aMatlab软件@x应用@x微积分@x高等学校@x教学参考资料 |
| 690 | 0 | @aO172-39@v5 |
| 701 | 0 | @a薛定宇@9Xue Ding Yu@4著 |
| 801 | 0 | @aCN@b(网众)采访数据@c20201010 |
| 905 | @aZUCC@dO172-39@eX944 | |
| 薛定宇教授大讲堂/薛定宇著.-北京:清华大学出版社,2018. |
| 19cm |
| ISBN 978-7-302-51869-3:CNY69.00 |
| 本书系统论述了MATLAB程序设计基础及应用、MATLAB微积分运算,配有源代码工程文件,可以供高年级本科生、研究生及相关工程技术人员学习参考! |
| ● |
| 相关链接 |
|
|
|
正题名:薛定宇教授大讲堂
索取号:O172-39/X944
 
预约/预借
| 序号 | 登录号 | 条形码 | 馆藏地/架位号 | 状态 | 备注 |
| 1 | 1478428 | 214784287 | 自科库401/401自科库 44排2列5层/ [索取号:O172-39/X944] | 在馆 | |
| 2 | 1478429 | 214784296 | 自科库401/401自科库 44排2列5层/ [索取号:O172-39/X944] | 在馆 |